Normal view
MARC view
- Catherine Dawson
Entry Personal Name
001 - CONTROL NUMBER
- control field: 22910
003 - CONTROL NUMBER IDENTIFIER
- control field: NUST
005 - DATE AND TIME OF LATEST TRANSACTION
- control field: 20191004194233.0
008 - FIXED-LENGTH DATA ELEMENTS
- fixed length control field: 191004|| aca||aabn | a|a d
040 ## - CATALOGING SOURCE
- Original cataloging agency: NUST
- Transcribing agency: NUST
100 ## - HEADING--PERSONAL NAME
- Personal name: Catherine Dawson
670 ## - SOURCE DATA FOUND
- Source citation: Work cat.: (NUST): Dawson, Catherine 22909, Introduction to research methods : A practical guide for anyone undertaking a research project, 2010
